000 00381nam a22001577a 4500
005 20200528134842.0
008 200528b xxu||||| |||| 00| 0 eng d
041 _aeng
082 _a340
100 _aBARE ACT
_95744
245 _aTHE INDIAN TELIGRAPH ACT, 1885 (13-1885)
260 _aDELHI
_bPROFESSIONAL BOOK PUBLISHERS
300 _a26;p
650 _aLAW
_95701
942 _cBK
999 _c6588
_d6586